Responses for Show #6106 - Monday, March 14, 2011

Contestants

[<< previous game]

Lori Cain, an insurance claims investigator from Altamont, New York

Ethan Dougherty, a journalist from Chicago, Illinois

Katie Sowder, a freelance researcher from Kansas City, Missouri (whose 1-day cash winnings total $5,900)

[next game >>]

Jeopardy! Round responses

LET'S GO ONLINE
OLYMPIC TRACK & FIELD RECORDS
HABLA ESPANOL?
DUMB CRIMINALS
WE ARE THE WOLVES
WE ARE THE CHILDREN
    $200 21
YouTube

Ethan
    $200 10
the marathon

Ethan
    $200 1
the margarita

Ethan
    $200 2
Ohio

Ethan
    $200 25
a pack

Lori
    $200 15
(Ethan: Who is Coppola?)

Lionel Richie

Ethan
Triple Stumper
    $400 17
the Huffington Post

Ethan
    $400 11
the high jump

Ethan
    $400 5
a burro

Katie
    $400 3
Little Rock

Ethan
    $400 26
the timber wolf

Triple Stumper
    $400 22
Johann Sebastian Bach

Ethan
    $600 18
(Lori: What is coast-to-coast?)

Skype

EthanLori
    $600 12
the long jump

Katie
    $600 6
(Lori: What is a ... ?)

a sarape

KatieLori
    $600 4
record

Katie
    $600 27
(Ethan: What is the fox?)

the coyote

KatieEthan
    $1,600 23
(Alex: That's right, and we have a minute to go, now.)

Pablo Picasso

Ethan
    $800 19
The Onion

Katie
    $800 13
(Lori: What is the sh ... the discus?)

the javelin

EthanLori
    $800 7
toreador (or matador)

Katie
    $800 9
(Lori: What is the filming or recording feature?)

GPS

EthanLori
    $800 28
Yellowstone

Ethan
    $800 24
(Ethan: Who is Edward VI?)
(Katie: Who is Queen Elizabeth?)

Henry VIII

KatieEthan
Triple Stumper
    $1000 20
(Ethan: What is kottke.org?)

FAILBlog.org

Ethan
Triple Stumper
    $1000 14
(Ethan: What is archery?)

the decathlon

EthanLori
    $1000 8
sierra

Katie
    $1000 16
a La-Z-Boy

Ethan
    $1000 29
[The end-of-round signal sounds.]

Ethiopia

Ethan

Scores at the first commercial break (after clue 15):

Katie Ethan Lori
$4,000 $1,800 -$1,200

Scores at the end of the Jeopardy! Round:

Katie Ethan Lori
$4,600 $5,400 -$1,600

Double Jeopardy! Round responses

FROM HERE TO THERE
BRITCOMS
WOMEN AUTHORS
FRUITS & VEGETABLES
COMPOSERS GO TO THE MOVIES
IT'S THE "V"
    $400 11
from California

Lori
    $400 1
Louisa May Alcott

Lori
    $400 3
grapes

Ethan
    $400 21
Leonard

Lori
    $400 16
valuable

Katie
    $800 12
(Ethan: What is Finland?)

the Baltic

KatieEthan
    $800 26
Absolutely Fabulous

Lori
    $800 2
Mary Shelley

Katie
    $800 7
oranges

Lori
    $800 22
a troika

Triple Stumper
    $800 17
veteran's

Ethan
    $1200 13
Israel

Triple Stumper
    $1200 27
Sanford and Son

Lori
    $1200 4
Ayn Rand

Lori
    $1200 8
potatoes

Lori
    $1200 23
(Katie: What is Hamlet?)

Henry V

Katie
Triple Stumper
    $1200 18
vehicle

Lori
    $1600 14
(Ethan: What is Saigon?)

Hanoi

EthanLori
    $1600 28
Fawlty Towers

Lori
    $1600 5
Virginia Woolf

Ethan
    $1600 9
grapefruits

Katie
    $2,000 24
2001: A Space Odyssey

Lori
    $2,000 19
(Lori: What is volunteer?)

volunteers

Lori
    $2000 15
(Katie: What is England?)

Cornwall

Katie
Triple Stumper
    $2000 29
[The end-of-round signal sounds.]

Yes Minister

Triple Stumper
    $2000 6
George Eliot

Lori
    $2000 10
a tomato

Lori
    $2000 25
Jean Renoir

Triple Stumper
    $2000 20
Voice (of America)

Lori

Scores at the end of the Double Jeopardy! Round:

Katie Ethan Lori
$5,000 $5,800 $15,200
(lock game)

[wagering suggestions for these scores]

Final Jeopardy! Round responses

AFI's 50 GREATEST FILM VILLAINS
KatieWhat is Bambi?
$4,900
EthanWhat is Bambi?
$4,201
LoriWhat is Bambi?
$2,800
Bambi

Final scores:

Katie Ethan Lori
$9,900 $10,001 $18,000
3rd place: $1,000 2nd place: $2,000 New champion: $18,000

Game dynamics:

Coryat scores:

Katie Ethan Lori
$5,000 $4,800 $16,800
12 R,
3 W
18 R
(including 1 DD),
7 W
17 R
(including 1 DD),
5 W
(including 1 DD)

Combined Coryat: $26,600

[game clues] [game scores] [suggest correction]

Game tape date: 2010-11-10
The J! Archive is created by fans, for fans. Scraping, republication, monetization, and malicious use prohibited; this site may use cookies and collect identifying information. See terms. The Jeopardy! game show and all elements thereof, including but not limited to copyright and trademark thereto, are the property of Jeopardy Productions, Inc. and are protected under law. This website is not affiliated with, sponsored by, or operated by Jeopardy Productions, Inc. Join the discussion at JBoard.tv.